Pensamientos /

Guardado en:
Autor Principal: Da Vinci, Leonardo
Otros Autores: Bello Valdés, Mayerín, trad.
Formato: Libro
Publicado: Italia : Brighieventuri, 2002
Series:Un mar de sueños; No. 9
Materias:
Etiquetas: Agregar Etiqueta
Sin Etiquetas, Sea el primero en etiquetar este registro!
LEADER 00659nam a22002055a 4500
001 CEM.cems012411
005 20070327145613.0
008 130507s2002##################000#0#####d
003 CEMS
020 |a 8888405089 
082 0 4 |a 858.2 
100 1 |a Da Vinci, Leonardo 
245 1 0 |a Pensamientos /  |c Leonardo Da Vinci ; traducido Por Mayerín Bello Valdés ; ilustraciones de Leonardo Da Vinci 
260 |a Italia :  |b Brighieventuri,  |c 2002 
300 |a 127 p. 
490 0 |a Un mar de sueños; No. 9 
653 |a Literatura 
653 |a Literatura italiana 
700 1 |a Bello Valdés, Mayerín, trad. 
859 |a CEMS  |b BIB. CEMS - 11 de abril  |h 858.2  |i D289  |p 22423.04  |t Ej.1